| 000 | 00833nam a22003130a 4500 | ||
|---|---|---|---|
| 001 | PT43293 | ||
| 003 | AR-LpoUNG | ||
| 005 | 20250130105915.0 | ||
| 008 | 191001s2003||||gw |||||||||||||||||eng d | ||
| 020 |
_a3110176165 _c$165 |
||
| 040 |
_aAR-LpoUNG _bspa _cAR-LpoUNG _eaacr |
||
| 041 | 0 | _aeng | |
| 044 | _agw | ||
| 082 | 0 | _a410 448pol | |
| 100 | 1 |
_aNerlich, Brigitte _eed. |
|
| 245 | 1 | 0 |
_aPolysemy : _bflexible patterns of meaning in mind and language |
| 260 |
_aberlin : _bMouton de Gruyter, _c2003. |
||
| 300 |
_ax, 422 p. : _bil., gráfs. |
||
| 650 | 4 | _aLENGUAJE | |
| 650 | 4 | _aLINGÜISTICA | |
| 650 | 4 | _aMORFOLOGIA | |
| 650 | 4 | _aSEMANTICA | |
| 653 | 0 | _aPSICOLINGÜISTICA | |
| 700 | 1 |
_aClarke, David D. _eed. |
|
| 700 | 1 |
_aHerman, Vimala _eed. |
|
| 700 | 1 |
_aTodd, Zazie _eed. |
|
| 905 | _a43293 | ||
| 942 |
_cLIB _2ddc |
||
| 999 |
_c7210 _d7210 |
||